|
|
|
|
| LEADER |
00000nam a2200000 a 4500 |
| 001 |
vtls001114087 |
| 003 |
SK-MaSNL |
| 005 |
20260301153604.0 |
| 008 |
250414s1979 xo 0 slo |
| 015 |
|
|
|a SNBA1979
|
| 035 |
|
|
|a SNK000056930
|
| 040 |
|
|
|a SNK
|b slo
|c SNK
|e AACR2
|
| 041 |
0 |
|
|a slo
|
| 044 |
|
|
|a xo
|c SK
|
| 080 |
|
|
|a 882-3
|2 1981
|
| 080 |
|
|
|a 947"19"
|2 1981
|
| 080 |
|
|
|a 92
|2 1981
|
| 080 |
|
|
|a Bonč-Brujevič, V.D.
|2 1981
|
| 080 |
|
|
|a 82
|2 1981
|
| 080 |
|
|
|a 069
|2 1981
|
| 080 |
|
|
|a 882
|2 1981
|
| 100 |
1 |
|
|a Demidenko, Grigorij Grigorjevič
|4 aut
|9 515324
|
| 245 |
1 |
0 |
|a Vladimír Dmitrijevič Bonč-Brujevič
|c Grogorij Grigorjevič Demidenko ; Grigorij Grigorjevič Demidenko, Milan Krankus, Karol Rosmány, Vladimír Dmitrijevič - o ňom Bonč-Brujevič
|
| 250 |
|
|
|a 1. vyd.
|
| 260 |
|
|
|a Bratislava
|b Pravda
|c 1979
|e Žilina
|f Pravda
|
| 300 |
|
|
|a 229 s., 12,40 AH
|c 20 cm
|
| 366 |
|
|
|e 3000 výtl.
|
| 490 |
0 |
|
|a Postavy svetového a národnooslobodzovacieho revolučného hnutia
|
| 700 |
1 |
|
|a Demidenko, Grigorij Grigorjevič
|4 aut
|9 515324
|
| 700 |
1 |
|
|a Krankus, Milan,
|d 1950-
|4 trl
|9 193817
|
| 700 |
1 |
|
|a Rosmány, Karol,
|d 1937-2022
|4 bkd
|9 194694
|
| 700 |
1 |
|
|a Bonč-Brujevič, Vladimir Dmitrijevič,
|d 1873-1955
|4 oth
|9 54043
|
| 852 |
|
|
|a Slovenská národná knižnica
|
| 954 |
|
|
|a romány biografické
|a literatúra národov ZSSR
|
| 958 |
|
|
|a LX
|
| 958 |
|
|
|a SS
|
| 958 |
|
|
|a TL
|
| 958 |
|
|
|a UP
|
| 958 |
|
|
|a OND
|
| 999 |
|
|
|c 793603
|d 795533
|
| 952 |
|
|
|a SNK
|b SNK
|y VYP
|7 0
|p 17A1023005
|o snkSC 45548 D1
|i snkKSP 624/79
|0 0
|1 0
|4 0
|d 2013-12-16
|l 0
|r 2026-02-24 01:45:26
|w 2026-02-24
|